Quick Pick: Famous Patricks Quiz Stats

 Plays Quiz Updated Aug 12, 2016

Also try: Click a Joe
Challenge
Share
Tweet
Embed
Score 0/12 Timer 01:00
0 Plays Today
% Correct
Patrick Swayze
91.2%
Saint Patrick
85.5%
Patrick Stewart
82.6%
Patrick Star
82%
Patrick McEnroe
77.2%
Patrick Henry
73.3%
Patrick Duffy
70.1%
Patrick McGoohan
44.6%
Patrick Warburton
44.6%
Patrick Modiano
41.3%
Patrick Ramsey
40.1%
Patrick Doyle
29.9%

Today's Daily Dose

Missing Word
Directed by David

Word Ladder
The Jungle Book

On This Day
July 17th II

You're not logged in!

Compare scores with friends on all Sporcle quizzes.
Join for Free
OR
Log In

You Might Also Like...

Show Comments

Extras

Top Quizzes Today


Score Distribution

Your Account Isn't Verified!

In order to create a playlist on Sporcle, you need to verify the email address you used during registration. Go to your Sporcle Settings to finish the process.

Report this User

Report this user for behavior that violates our Community Guidelines.

Details: